000 00801nam a2200253Ia 4500
003 OSt
005 20220918192139.0
006 a|||||r|||| 00| 0
007 ta
008 220917b |||||||| |||| 00| 0 eng d
024 _a67,229
037 _cTextual
040 _aARTS
_cARTS
_beng
041 _2eng
_aeng
082 _aR2p1,N75, L6
110 _aWinnipeg Conference On Human Action , 1975 (Winnipeg)
_978488
245 0 _aProceeding
_b action theory ed by Myles Brand and Douglas Walton
260 _aDordrecht
_bD Reidel
_c1976
300 _avi,345p.
_ccm.
490 _aSynthese library monographs on epistemology etc; 971
700 _aWinnipeg Conference On Human Action , 1975 (Winnipeg)
_978489
942 _hR2p1,N75, L6
_cTEXL
_2CC
999 _c193462
_d193462